00529nmm a2200169Ia 4500008004100000020001800041041000800059100003400067245003400101264005600135300001800191490003200209650004300241856005100284942000700335999001700342251105s9999||||xx |||||||||||||||||und|| a9789560002020 aspa aGarcía de la Huerta, Marcos 0aMemorias de estado y nación a[Santiago de Chile, Chile] :bLOM Ediciones, c2010 a152 páginas aCiencias Sociales y Humanas aHistory of the Americas: Latin America uhttps://public.digitaliapublishing.com/a/13263 cCF c93449d93449